Between God and Man /
"When Innocent III became Pope in 1198, he announced that he had been elevated to a position 'between God and man' ... The sermons presented in this collection cast clearer light on Innocent's concept of what his duties were as priest and bishop"--Page 4 of cover
| Autor principal: | |
|---|---|
| Otros Autores: | , |
| Formato: | Electrónico eBook |
| Idioma: | Inglés Latín |
| Publicado: |
Washington, D.C. :
Catholic University of America Press,
2004.
|
| Edición: | 1st ed. |
| Colección: | Book collections on Project MUSE.
|
| Temas: | |
| Acceso en línea: | Texto completo |
MARC
| LEADER | 00000cam a22000004a 4500 | ||
|---|---|---|---|
| 001 | musev2_20928 | ||
| 003 | MdBmJHUP | ||
| 005 | 20230905042232.0 | ||
| 006 | m o d | ||
| 007 | cr||||||||nn|n | ||
| 008 | 091103s2004 dcu o 00 0 eng d | ||
| 020 | |a 9780813216157 | ||
| 020 | |z 9780813213651 | ||
| 035 | |a (OCoLC)462997212 | ||
| 040 | |a MdBmJHUP |c MdBmJHUP | ||
| 041 | 1 | |a eng |h lat | |
| 100 | 0 | |a Innocent |b III, |c Pope, |d 1160 or 1161-1216. | |
| 240 | 1 | 0 | |a Sermones de diversis. |l English |
| 245 | 1 | 0 | |a Between God and Man / |c translated with an introduction by Corinne J. Vause and Frank C. Gardiner ; and a foreword by James M. Powell. |
| 250 | |a 1st ed. | ||
| 264 | 1 | |a Washington, D.C. : |b Catholic University of America Press, |c 2004. | |
| 264 | 3 | |a Baltimore, Md. : |b Project MUSE, |c 2013 | |
| 264 | 4 | |c ©2004. | |
| 300 | |a 1 online resource (165 pages). | ||
| 336 | |a text |b txt |2 rdacontent | ||
| 337 | |a computer |b c |2 rdamedia | ||
| 338 | |a online resource |b cr |2 rdacarrier | ||
| 490 | 0 | |a Medieval texts in translation | |
| 505 | 0 | |a Prologue. Letter to Arnald -- In council of priests -- On the consecration of the supreme pontiff -- On the first anniversary -- On the consecration of pontiffs -- Convening the fourth general council of the Lateran -- In synod. | |
| 520 | |a "When Innocent III became Pope in 1198, he announced that he had been elevated to a position 'between God and man' ... The sermons presented in this collection cast clearer light on Innocent's concept of what his duties were as priest and bishop"--Page 4 of cover | ||
| 588 | |a Description based on print version record. | ||
| 610 | 2 | 7 | |a Catholic Church. |2 fast |0 (OCoLC)fst00531720 |
| 610 | 2 | 6 | |a Église catholique |v Sermons |v Ouvrages avant 1800. |
| 610 | 2 | 0 | |a Catholic Church |v Sermons |v Early works to 1800. |
| 650 | 7 | |a Sermons, Medieval. |2 fast |0 (OCoLC)fst01113290 | |
| 650 | 7 | |a Sermons, Latin. |2 fast |0 (OCoLC)fst01113283 | |
| 650 | 7 | |a Clergy |x Office. |2 fast |0 (OCoLC)fst00864056 | |
| 650 | 7 | |a RELIGION |x Sermons |x Christian. |2 bisacsh | |
| 650 | 7 | |a RELIGION |x Leadership. |2 bisacsh | |
| 650 | 7 | |a RELIGION |x Christian Church |x Leadership. |2 bisacsh | |
| 650 | 6 | |a Sermons medievaux. | |
| 650 | 6 | |a Sermons latins |v Ouvrages avant 1800. | |
| 650 | 6 | |a Clerge |x Ministere |v Sermons |v Ouvrages avant 1800. | |
| 650 | 0 | |a Sermons, Medieval. | |
| 650 | 0 | |a Sermons, Latin |v Translations into English. | |
| 650 | 0 | |a Sermons, Latin |v Early works to 1800. | |
| 650 | 0 | |a Clergy |x Office |v Sermons |v Early works to 1800. | |
| 655 | 7 | |a Translations. |2 fast |0 (OCoLC)fst01423791 | |
| 655 | 7 | |a Sermons. |2 fast |0 (OCoLC)fst01423904 | |
| 655 | 7 | |a Early works. |2 fast |0 (OCoLC)fst01411636 | |
| 655 | 7 | |a Electronic books. |2 local | |
| 700 | 1 | |a Gardiner, F. C. | |
| 700 | 1 | |a Vause, Corinne Jordan, |d 1931- | |
| 710 | 2 | |a Project Muse. |e distributor | |
| 830 | 0 | |a Book collections on Project MUSE. | |
| 856 | 4 | 0 | |z Texto completo |u https://projectmuse.uam.elogim.com/book/20928/ |
| 945 | |a Project MUSE - Custom Collection | ||
| 945 | |a Project MUSE - Archive Complete Supplement | ||
| 945 | |a Project MUSE - Archive Philosophy and Religion Supplement | ||


